Inteligencia artificial y bienestar de las juventudes en América Latina
Saved in:
| Andre forfattere: | , , |
|---|---|
| Format: | Bog |
| Sprog: | engelsk |
| Udgivet: |
Santiago, Chile:
LOM ediciones,
2019
|
| Udgivelse: | Primera edición |
| Serier: | Socilogía. Ciencias Sociales y Humanas
|
| Fag: | |
| Tags: |
Tilføj Tag
Ingen Tags, Vær først til at tagge denne postø!
|
MARC
| LEADER | 00000nam a22000007a 4500 | ||
|---|---|---|---|
| 003 | CL-VaPUC | ||
| 005 | 20220706090716.0 | ||
| 008 | 211227b2019 ||||| |||| 00| 0 eng d | ||
| 999 | |c 434397 |d 434395 | ||
| 020 | |a 978-956-00-1237-1 | ||
| 040 | |c Pontificia Universidad Católica de Valparaíso | ||
| 082 | 0 | 4 | |2 21 |a 006.3 BRO 2019 |
| 100 | 1 | |a Brossi, Lionel |e editor |9 865439 | |
| 245 | 1 | 0 | |a Inteligencia artificial y bienestar de las juventudes en América Latina |
| 250 | |a Primera edición | ||
| 260 | |a Santiago, Chile: |b LOM ediciones, |c 2019 | ||
| 300 | |a 276 páginas | ||
| 490 | 0 | |a Socilogía. Ciencias Sociales y Humanas | |
| 500 | |a Donación Padre Cristián Eichin. Correo 21-12-2021 | ||
| 583 | |c 20211227 |k Sebastián Perez | ||
| 650 | 1 | |a Inteligencia artificial |9 867538 |x Ciencia de la computación |z América Latina | |
| 650 | 1 | |a Inteligencia artificial |x Jóvenes |x Aspectos sociales |z América Latina |9 867539 | |
| 700 | |a Dodds, Tomás |e editor |9 865440 | ||
| 700 | |a Passeron, Ezequiel |e editor |9 865441 | ||
| 942 | |2 ddc |c BK | ||
| 952 | |0 0 |1 0 |2 ddc |4 0 |6 006_300000000000000_BRO_2019 |7 0 |8 A |9 579817 |a BIBTEO |b BIBTEO |c GEN |d 2021-12-27 |e Donación |i 5630738 |l 2 |o 006.3 BRO 2019 |p 5630738 |q 2024-08-30 |r 2025-01-17 |s 2024-07-12 |t 1 |w 2021-12-27 |y BK |k ICR | ||